Juzgados de Primera Instancia

Bibliographic Details
Format: eBook
Language:Spanish
Published: Barcelona : vLex,
Subjects:
Online Access:Acceso restringido

MARC

LEADER 00000nam a22000007a 4500
005 20120126142251.0
007 cr|||| ||||
008 120126c19889999sp w||d|s|||| 0|||b spa d
035 |a 1757 
040 |a vLex 
090 |c 2957  |d 2957 
245 0 0 |a Juzgados de Primera Instancia  |h [Recurso electrn̤ico]  
256 |a Servicio en ln̕ea 
260 |a Barcelona :  |b vLex, 
300 |a 1 recurso electrn̤ico 
500 |a Contenido: Esta fuente incluye sentencias emitidas por Juzgados de Primera Instancia e Instruccion, de lo Mercantil, de lo Penal, de lo Contencioso-administrativo, de lo Social y de Menores. Alcance: A partir del aǫ 2000. Actualizacin̤ semanal. 
506 1 |a Contenido solo disponible en los productos indicados  |d vLex Global   |d vLex Global (Academic Edition, excluding Law Schools)   |d vLex Global (U.S. Academic Edition, Law Schools)   |d vLex Global (U.S. Academic Edition, excluding Law Schools)   |d vLex Global (Academic Edition, Law Schools)  
610 1 4 |a Espaą  |b Juzgados de Primera Instancia 
650 |a Sentencias 
740 0 |a vLex Jurisprudencia (Servicios en ln̕ea) 
856 4 0 |u http://vlex.com/source/juzgados-primera-instancia-1757  |z Acceso restringido 
942 |c TR 
999 0 |a Jurisprudence  |b Spain